[Event "Dortmund SuperGM 41st"]
[Site "Dortmund"]
[Date "2013.07.27"]
[Round "2"]
[White "Adams, Michael"]
[Black "Andreikin, Dmitry"]
[Result "1-0"]
[WhiteElo "2740"]
[BlackElo "2727"]
[Annotator "Kritz,L"]
[PlyCount "127"]
[EventDate "2013.07.26"]
[EventType "tourn"]
[EventRounds "9"]
[EventCountry "GER"]
[EventCategory "19"]
[SourceTitle "CBM 156"]
[Source "ChessBase"]
[SourceDate "2013.09.17"]
[SourceVersion "1"]
[SourceVersionDate "2013.09.17"]
[SourceQuality "1"]

1. e4 e5 2. Nf3 Nc6 3. Bb5 Nf6 4. O-O Nxe4 5. d4 Nd6 6. Bxc6 dxc6 7. dxe5 Nf5
8. Qxd8+ Kxd8 9. h3 Ke8 10. Nc3 h5 11. Bf4 Be7 12. Rad1 Nh4 ({Spielbar ist auch
} 12... Be6 $5 {Nach dem prinzipiellen} 13. Ng5 {gleicht Schwarz forciert aus:}
Bc4 $1 14. Rfe1 Rd8 $1 15. Rxd8+ (15. b3 Ba6 16. Rxd8+ {->15.Rxd8}) 15... Bxd8
16. b3 Ba6 17. e6 Bxg5 18. exf7+ Kxf7 19. Bxg5 Re8 $11) 13. Nxh4 {Weiß kann
nicht besser stehen, besonders weil er nicht zu g4 kommt.} (13. Nd4 Nf5 14.
Nce2 Nxd4 $1 15. Nxd4 (15. Rxd4 Bf5 16. Rd2 Rd8 17. Nd4 Bg6 $15) 15... a6 $1 {
Und Weiß muss die Notbremse ziehen und e6 spielen.} 16. e6 (16. Rfe1 c5 17. Nf3
Bf5 18. Rd2 Rd8 $15) 16... Bxe6 17. Nxe6 fxe6 18. Bxc7 Rc8 19. Bb6 Bd8 20. Bd4
Bf6 $11 {Das Endspiel ist leicht Remis zu halten.}) 13... Bxh4 14. Ne2 Bd7 15.
Rfe1 (15. e6 Bxe6 16. Nd4 Bf6 17. Nxe6 fxe6 18. Bxc7 Rc8 19. Bf4 Ke7 $11 {
Dominguez Perez - Wang Yue (Wijk aan Zee, 2009)}) 15... Rd8 16. Nd4 Bc8 (16...
c5 17. e6 cxd4 18. exd7+ Kxd7 19. Rxd4+ Kc8 20. Rc4 c6 21. Be5 Bf6 22. Bxf6
gxf6 23. Re2 $14) 17. c3 Rd5 18. e6 Bf6 (18... Bxe6 19. Nxe6 fxe6 20. Rxe6+ Kd7
21. Ree1 Bf6 22. g3 $14) 19. exf7+ $1 {Komisch, aber dieser Zug ist eine
Neuerung. Es ist offensichtlich, dass das Nehmen auf c7 viel schwächer ist.} (
19. Bxc7 Bxe6 20. Nxe6 fxe6 21. Bf4 (21. Rxe6+ Kd7 22. Rxd5+ cxd5 $19) 21...
Ke7 $11 {1/2-1/2 Leko,P (2762)-Jakovenko,D (2742)/Nanjing 2009/CBM 133 (51)})
19... Kxf7 (19... Kd7 $2 20. Bxc7 $1 Kxc7 21. Re8 Rd8 22. Nb5+ cxb5 23. Rdxd8
$18) 20. Bxc7 $14 {Weiß hat einen Mehrbauer und relative risikofreie Stellung.}
g5 {Schwarz muss das Läuferpaar behalten.} (20... Bxd4 21. cxd4 Re8 22. Be5 c5
23. Re3 cxd4 24. Bxd4 Rxe3 25. fxe3 $16 {Der Läufer auf d4 ist sehr stark!}) (
20... Re8 21. Rxe8 Kxe8 22. Re1+ Kd7 23. Bb8 Bxd4 24. cxd4 Rxd4 25. Bxa7 Ra4
26. Rd1+ Ke6 27. Bd4 $16) 21. Nf3 (21. f4 gxf4 22. Bxf4 Rhd8 23. Rd2 Bxd4+ 24.
cxd4 Rxd4 $11) 21... Rxd1 22. Rxd1 Re8 23. Nd2 (23. Rd2 Be6 24. a3 Bd5 25. Nd4
Kg6 $44) 23... b5 24. f3 Bf5 25. Kf2 Re7 26. Bd8 Rd7 27. Bxf6 Bc2 28. Rg1 Rxd2+
29. Ke3 Rd5 $11 {Man kann nicht sagen, dass das Spiel forciert verläuft, aber
Weiß konnte auch nicht mehr als ein ähnliches Endspiel bekommen. Die schwarzen
Figuren sind sehr aktiv, während die weißen Figuren offensichtlich nicht gut
koordiniert sind.} (29... Rd3+ 30. Ke2 Rd5 31. Bd4 c5 32. Be3 $14) 30. Bh8 Kg8
31. c4 {Weiß hat keine Wahl, er muss den Bauer zurückgeben.} (31. Bf6 Kf7 32.
Bh8 $11) (31. Bd4 c5 32. Bf6 Kf7 $11) 31... bxc4 32. Bc3 {Es sollte kein
Problem sein, eine solche Stellung Remis zu halten...} Kf7 (32... g4 $2 33.
fxg4 hxg4 34. Rc1 Bf5 35. h4 $1 $14) 33. Rc1 Bd3 34. h4 $1 {Weiß muss
versuchen, einen freien Bauern am Königsflügel zu organisieren.} gxh4 35. Rh1
Rg5 (35... Rd7 $5 36. Rxh4 Kg6 37. Rf4 Re7+ 38. Kf2 Kg5 39. Rf8 Re2+ 40. Kg3
h4+ 41. Kh2 (41. Kh3 Bf5+ 42. Kh2 h3 43. Rg8+ Kf4 $11) 41... Bf5 42. Kg1 Kf4
$11) 36. Kf2 Rd5 37. Rxh4 Ke6 38. Rh2 a5 39. Kg3 a4 40. a3 Rg5+ 41. Kh4 Rd5 42.
Rh1 Kf7 43. Re1 {Es hat sich immernoch nichts verändert.} Bg6 44. Re3 Bd3 45.
Be5 Kg6 (45... Bf1 46. g4 (46. Kg3 Rd2 $15) (46. g3 Rd3 47. Re1 Rxf3 48. Kxh5
Bd3 $11) 46... hxg4 47. fxg4 Bd3 $11) 46. Re1 Bc2 47. Bc3 Kf7 48. Re2 Bd3 49.
Re3 Bg6 50. g4 {Auch hier ist nichts los.} c5 (50... hxg4 51. fxg4 $11) 51. Re1
hxg4 52. fxg4 Bc2 53. Rf1+ Ke7 54. Rf4 Bd3 55. Bg7 Ke6 56. Rf6+ Ke7 57. Rb6 Kf7
58. Bc3 Bc2 $4 {Das kann leicht passieren - Schwarz ist einfach
"eingeschlafen"... Er hätte um jeden Preis den Vorstoß des g-Bauern verhindern
müssen.} (58... Ke7 59. g5 Rd6 60. Rb5 Rc6 $11) 59. g5 $1 $18 {Plötzlich ist
die Stellung verloren - der g-Bauer ist nicht aufzuhalten.} Rd1 (59... Ke7 60.
g6 Rd6 61. g7 Bh7 62. Rb7+ Ke8 63. Ra7 $18) 60. g6+ Ke7 61. g7 Rg1 62. Rb7+ Ke6
63. Rb8 Bh7 (63... Kf7 64. Rf8+ $18) 64. Rh8 1-0

[Event "Dortmund SuperGM 41st"]
[Site "Dortmund"]
[Date "2013.07.28"]
[Round "3"]
[White "Caruana, Fabiano"]
[Black "Adams, Michael"]
[Result "0-1"]
[WhiteElo "2796"]
[BlackElo "2740"]
[Annotator "Adams,M"]
[PlyCount "82"]
[EventDate "2013.07.26"]
[EventType "tourn"]
[EventRounds "9"]
[EventCountry "GER"]
[EventCategory "19"]
[SourceTitle "CBM 156"]
[Source "ChessBase"]
[SourceDate "2013.09.17"]
[SourceVersion "1"]
[SourceVersionDate "2013.09.17"]
[SourceQuality "1"]

1. e4 e5 2. Nf3 Nc6 3. Bb5 Nf6 4. O-O Nxe4 5. d4 Nd6 6. Bxc6 dxc6 7. dxe5 Nf5 {
Although I have spent an unhealthy amount of my life analysing the endgame
arising from the Berlin variation my only previous outing on the Black side
against Peter Leko occurred back in 2004. The 101 moves of suffering didn't
encourage me to rush into a second outing.} 8. Qxd8+ Kxd8 9. h3 {The new
fashion which enables White to advance his kingside pawns very rapidly in some
variations.} Bd7 10. Rd1 Kc8 11. g4 Ne7 12. Ng5 Be8 13. f4 h5 14. Kf2 ({
I was only aware of the previously played} 14. f5 {and}) (14. Kg2 {This
novelty is quite clever as the king is ready to cover the g-pawn but avoids
possible bishop checks on the light squares. White's positional assets looked
rather daunting over the board but his king will not feel comfortable for some
time.}) 14... b6 ({The pawn is safe for now as} 14... hxg4 15. hxg4 Rh2+ 16.
Kg3 Rxc2 17. Nh7 {wins material. My move improving Black's king position seems
logical.}) 15. f5 Kb7 16. Nc3 ({If White can complete development without
incident his advanced pawns will be a crucial asset} 16. c4 {was the
alternative.}) 16... hxg4 ({Accepting the challenge as} 16... Nd5 17. Nxd5 cxd5
18. Kg3 {looks pleasant for White.}) 17. hxg4 Rh2+ 18. Kg3 Rxc2 19. Nh7 {
My bishop is destined to perish on its starting square but my other pieces
become very active.} ({Play remains murky after the alternative} 19. e6 f6 20.
Nh7 c5 21. Nxf8 Bc6 22. Ng6 Nxg6 23. fxg6 Rg2+ 24. Kf4 Rf2+) 19... c5 20. Nxf8
({If White wants to play for a win I think} 20. Rd2 Rxd2 21. Bxd2 Bc6 22. Rd1 {
which offers good compensation for a pawn is worth a try.}) 20... Bc6 21. f6 ({
Unusually my opponent seriously miscalculates; I was expecting the better} 21.
Bg5 Nxf5+ 22. gxf5 Rg2+ 23. Kf4 Rf2+ 24. Kg4 (24. Ke3 Rxf5 25. Nh7 Rh8 {
is ok for Black}) 24... Rg2+ {repeating}) ({White is also in difficulties after
} 21. Nd7 Rg2+ 22. Kf4 Rh8 23. Nxc5+ bxc5 24. Rd2 Rg1) 21... Rg2+ 22. Kf4 ({
White is already in dire straits as his king can't find a safe spot} 22. Kh4
gxf6 23. exf6 Nf5+ 24. gxf5 Rxf8 {wins}) (22. Kh3 gxf6 23. Bh6 f5 24. g5 f4 {
is also bad.}) 22... gxf6 23. exf6 Rf2+ 24. Ke3 (24. Ke5 Re8 {forces mate in 2}
) (24. Kg5 Rxf8 25. fxe7 Rg8+ 26. Kh4 Rg2 {only lasts a little longer.}) 24...
Rxf6 25. Nh7 Rf3+ 26. Kd2 ({The alternative} 26. Ke2 Rh8 27. Ng5 Rh2+ 28. Ke1
Rff2 29. Be3 (29. Rd2 Rxd2 30. Bxd2 Rh1+) 29... Rfg2 {is no better.}) 26...
Rd8+ 27. Kc2 ({Or} 27. Ke1 Rh8 28. Ng5 Rh1+ 29. Kd2 Rh2+) 27... Rxc3+ 28. bxc3
Ba4+ 29. Kb2 Rxd1 {With 2 extra pawns and the better position the rest is
simple.} 30. Bg5 Nc6 31. Rxd1 ({If} 31. Bf4 Rd3) 31... Bxd1 32. Bf4 (32. Nf6
Ne5 {wins another pawn.}) 32... Bxg4 33. Nf6 Bf3 34. Ne8 Na5 35. Nxc7 Bc6 {
Now the white knight is dominated.} 36. Kc2 Kc8 37. Kd3 Kd7 38. Kc2 Nc4 39. Na6
Bb7 40. Nb8+ Kc8 41. Kd3 b5 0-1

[Event "Dortmund SuperGM 41st"]
[Site "Dortmund"]
[Date "2013.07.30"]
[Round "5"]
[White "Adams, Michael"]
[Black "Wang, Hao"]
[Result "1-0"]
[WhiteElo "2740"]
[BlackElo "2752"]
[Annotator "Pavlovic,M"]
[PlyCount "61"]
[EventDate "2013.07.26"]
[EventType "tourn"]
[EventRounds "9"]
[EventCountry "GER"]
[EventCategory "19"]
[SourceTitle "CBM 156"]
[Source "ChessBase"]
[SourceDate "2013.09.17"]
[SourceVersion "1"]
[SourceVersionDate "2013.09.17"]
[SourceQuality "1"]

1. c4 Nf6 2. g3 c5 3. Bg2 g6 4. Nc3 Bg7 5. Nf3 O-O 6. d4 cxd4 7. Nxd4 Nc6 8.
O-O Qa5 $5 {An interesting line I also used it long time ago, it seems that
some new ideas for Black had been found but also for White. Let's see.} (8...
Nxd4 9. Qxd4 d6 10. Qd3 {is considered the main idea, usually White has
slightly better chances.}) (8... Ng4 {This move, popular in the nineties, also
failed to give Black equal chances.}) 9. Nb3 {This is main move, but there are
alternatives as well:} (9. Nc2 d6 10. Ne3 Be6 11. Ncd5 (11. Bd2 Qh5 12. Ncd5
Ng4 13. Nxg4 Bxg4 14. Nf4 Qc5 15. Rc1 Bxb2 16. Nd3 Qa3 17. Rb1 $2 (17. Nxb2 $1
Qxb2 18. h3 Bc8 19. Bc3 Qb6 20. Qd2 {this looks to me like the traditional
type of compensation}) 17... Bf6 18. Rxb7 Nd4 19. f3 Be6 $19 {0-1 (40)
Rakhmanov,A (2602)-Kurnosov,I (2657) Khanty-Mansiysk RUS 2013}) 11... Bxd5 12.
cxd5 Ne5 13. Bd2 Qa6 14. Bc3 Rac8 (14... Rfc8 {I would prefer this rook}) 15.
Qd2 Bh6 (15... Rc7 16. Rac1 Rfc8 17. b3 Ne4 $1 $132) 16. f4 Neg4 $2 (16... Ned7
17. Nd1 $1 Bg7 18. Nf2 Nb6 19. e4 $14) 17. Nxg4 Nxg4 18. Bh3 $16 {1/2-1/2 (49)
Rakhmanov,A (2602)-Zvjaginsev,V (2659) Khanty-Mansiysk RUS 2013}) 9... Qh5 10.
Nd5 (10. c5 Rd8 11. e4 d6 12. Qxh5 Nxh5 13. Rd1 dxc5 14. Rxd8+ Nxd8 15. Nxc5 b6
16. Nb3 Bb7 17. Be3 Bxc3 18. bxc3 Rc8 19. Rc1 Rc4 20. f3 Nc6 {1-0 (41)
Grischuk,A (2779)-Zvjaginsev,V (2659) Khanty-Mansiysk RUS 2013. Black is fine
in this endgame, despite the fact that he lost the game.}) (10. e4 {this used
to be the main idea here} d6 $5 {so without taking on d1 is the idea} 11. Qxh5
(11. f3 Ne5 $5 (11... Bh3 12. Be3 Bxg2 13. Kxg2 g5 $2 (13... Nd7 14. Nd5 Qe5
$13) 14. Qe2 b6 15. Rac1 Rac8 16. h3 Rfd8 17. Rfd1 $14 {1-0 (47) Minero Pineda,
S (2429)-Ugalde,R (2165) San Jose CRC 2004}) 12. g4 (12. Qe2 Be6 13. Nd2 Rac8
14. Nd5 (14. b3 Neg4 15. fxg4 Nxg4 $19) 14... Nxd5 15. exd5 Bd7 $17) 12...
Nfxg4 13. fxg4 Bxg4 14. Qc2 Rac8 $36) 11... Nxh5 12. Rd1 (12. c5 dxc5 13. Nxc5
Rd8 14. Be3 Nf6 15. h3 Nd7 16. Rfd1 Nxc5 17. Rxd8+ Nxd8 18. Bxc5 Nc6 19. Rc1
Be6 (19... Bxc3 $5 20. Rxc3 e5 21. b3 Be6 22. Rd3 a5 $11) 20. Nd5 Bxb2 21. Rb1
Bd4 (21... b6 $1 22. Bxb6 axb6 23. Rxb2 b5 $11) 22. Bxd4 Nxd4 23. Rxb7 Kf8 24.
Nc7 Rc8 25. Nxe6+ fxe6 26. Rxa7 Rc1+ 27. Kh2 Rc2 28. Kg1 Rc1+ 29. Kh2 Rc2 30.
Kg1 Rc1+ {1/2-1/2 (30) Vitiugov,N (2734)-Matlakov,M (2665) Yekaterinburg RUS
2013. Black didn't experience any serious problems in this game.}) 12... Rd8
13. Bg5 Bg4 14. f3 Be6 15. g4 Bxc3 $1 16. bxc3 Nf6 17. c5 Bxb3 18. axb3 dxc5
19. Bf1 Kf8 20. Kf2 Rxd1 21. Rxd1 Rd8 $17 {0-1 (80) Le Quang Liem (2712)
-Grischuk,A (2779) Khanty-Mansiysk RUS 2013}) 10... d6 11. Nf4 Qe5 12. Re1 (12.
Nd3 Qh5 13. Bd2 $1 {A strong positional approach} e5 14. f3 g5 $6 (14... Ne8 $1
15. Nf2 f5 $13) 15. Nf2 a5 16. a4 Be6 17. Rc1 Rfc8 18. e4 Nd7 19. Be3 Bf8 20.
Nd2 Be7 $6 (20... Nb4 21. b3 Nc5 22. Nb1 $14) (20... Nd4 21. b3 Bg7 22. Nb1 Nc5
23. Bxd4 exd4 24. Na3 Be5 25. Rb1 $14) 21. Nb1 $1 $14 {1-0 (40) Wang Yue (2696)
-Shoker,S (2490) Al-Ain UAE 2012}) 12... a5 13. a4 Be6 14. Nd2 (14. Nxe6 Qxe6
15. Nd2 Rfd8 16. e4 Nb4 17. Bf1 Nd7 $132) 14... Bf5 $5 15. Nd5 (15. e4 Bg4 16.
f3 Qd4+ 17. Kh1 Bd7 $13) 15... Nxd5 16. cxd5 Nb4 17. e4 Bd7 18. Nc4 Qd4 19.
Qxd4 Bxd4 20. Be3 Rfc8 (20... Bxe3 $1 21. Nxe3 Nd3 22. Reb1 Nc5 23. b3 b5 $15)
21. Bf1 Rxc4 22. Bxc4 Bxb2 $6 {Strange decision, although Black is still ok
even with this; his task now is to find strong moves, which he failed to do.} (
22... Bxe3 23. Rxe3 Nc2 24. Rea3 Rc8 25. b3 Nxa3 26. Rxa3 e5 {Black is at
least equal.}) 23. Rab1 Bf6 24. Rec1 Bxa4 25. Bb6 Bd7 $2 {This was the final
mistake, even at this stage Black was ok:} (25... Bc2 $1 26. Rxb4 axb4 27. Rxc2
Ra1+ 28. Kg2 b3 $1 {this strong tactical resource was probably missed by Wang
Hao} 29. Bxb3 Rb1 $11) 26. Bxa5 Rxa5 27. Rxb4 $18 b5 28. Bd3 Kg7 29. Kg2 g5 30.
Rc7 Bg4 $2 (30... Be8 $8 {White is wining in the long run, but still Black
could have played on.}) 31. e5 {So many oversights by Wang Hao in one game.
The opening though was very much ok.} 1-0

[Event "Dortmund SuperGM 41st"]
[Site "Dortmund"]
[Date "2013.08.01"]
[Round "6"]
[White "Naiditsch, Arkadij"]
[Black "Adams, Michael"]
[Result "0-1"]
[WhiteElo "2710"]
[BlackElo "2740"]
[Annotator "Marin,M"]
[PlyCount "52"]
[EventDate "2013.07.26"]
[EventType "tourn"]
[EventRounds "9"]
[EventCountry "GER"]
[EventCategory "19"]
[SourceTitle "CBM 156"]
[Source "ChessBase"]
[SourceDate "2013.09.17"]
[SourceVersion "1"]
[SourceVersionDate "2013.09.17"]
[SourceQuality "1"]

1. d4 Nf6 2. c4 e6 3. Nc3 d5 4. Bg5 Be7 5. Nf3 Nbd7 6. e3 h6 7. Bh4 O-O 8. Bd3
{This may seem like a simplistic move, but in principle White cannot avoid
losing a tempo with his bishop anyway.} ({Adams had an old game with} 8. Rc1 a6
({Actually,} 8... Re8 $5 {is even more flexible, practically avoiding the
Exchange Variation, since the rook would be badly placed on c1.}) 9. cxd5 exd5
10. Bd3 c6 {Georgiev,K (2643)-Adams,M (2725)/Caleta 2013/CBM 153 (1/2, 68)})
8... dxc4 9. Bxc4 a6 10. a4 c5 11. O-O cxd4 12. exd4 Nb6 13. Bd3 {Aiming for
an attack, maybe too obstinately.} (13. Bb3 {is more popular, controlling d5.})
13... Nbd5 (13... Bd7 $5) 14. Ne5 Nb4 $146 (14... Qb6 15. Nc4 Qa7 16. Bg3 {
Jarulin,R (2095)-Makhnev,V (2267)/Kimry 2004/EXT 2005 (0-1, 35)}) 15. Bb1 Bd7
16. Ra3 Bc6 17. Ne2 Nd7 18. Bxe7 Qxe7 19. Rg3 Rfd8 20. Qc1 Kf8 {Black has
regrouped well and after the exchange of the dark-squared bishop should not
fear a sacrificial attack.} 21. Bh7 $6 {The whole plan initiated by this move
will leave White's pieces exposed.} Nf6 22. Nf4 $6 Be8 $1 {This defensive move
is known from the times of the match Steinitz-Zukertort. The first World
champion gladly played against the isolani...} 23. Rf3 $6 {The decisive
mistake already.} Nc6 $1 24. Rd1 $6 ({If} 24. Nxc6 Bxc6 {the rook and the
bishop are hanging, so White has to give up a pawn for nothing with} 25. d5)
24... Rxd4 25. Rxd4 (25. Nxc6 Rxd1+ 26. Qxd1 Bxc6 {[%csl Gf3,Gh7]}) 25... Nxd4
26. Rd3 Nc6 $1 (26... Nc6 {If} 27. Nxc6 Bxc6 {the rook is not hanging anymore,
but it blocks the bishop's retreat.}) 0-1